Organizácie destinačného manažmentu ako nástroj rozvoja územia

Stručná definícia destinačného manažmentu. Organizácia destinačného manažmentu (DMO). DMO z formálneho hľadiska. Prínosy DMO. Negatíva DMO.

Salvato in:
Dettagli Bibliografici
Autore principale: Poliak, Ladislav
Natura: Capitolo di libro
Lingua:slovacco
Soggetti:
Tags: Aggiungi Tag
Nessun Tag, puoi essere il primo ad aggiungerne!!

MARC

LEADER 00000naa a2200000 4500
001 0196112
005 20221020085536.1
041 0 |a slo 
044 |a SK 
245 1 0 |a Organizácie destinačného manažmentu ako nástroj rozvoja územia  |c Ladislav Poliak 
520 |a Stručná definícia destinačného manažmentu. Organizácia destinačného manažmentu (DMO). DMO z formálneho hľadiska. Prínosy DMO. Negatíva DMO. 
610 2 0 |a manažment destinačný 
610 2 0 |a rozvoj územný 
610 2 0 |a ruch cestovný 
610 2 0 |a rozvoj regionálny 
610 2 0 |a obce 
100 1 |a Poliak, Ladislav